| 000 | 00861nam a2200265 a 4500 | ||
|---|---|---|---|
| 001 | 000044468 | ||
| 003 | DO-SdBNP | ||
| 005 | 20240412074303.0 | ||
| 007 | ta | ||
| 008 | 140702s2006 dr 000 0 spa d | ||
| 020 | _a9945405608 | ||
| 040 |
_aDO-SdBNP _bspa _cBNPHU |
||
| 082 | 4 |
_aRD862.44 _bG216f _222 |
|
| 100 | 1 |
_aGarcía Guerra, Iván, _d1938- _9144 |
|
| 245 | 1 | 0 |
_aFábula de los cinco caminantes / _cIván García Guerra ; edición y diagramación Iris Canos. |
| 260 |
_aSanto Domingo : _bEDUCARTE, _c2006. |
||
| 300 |
_a46 p. ; _c21 cm. |
||
| 590 | _aInventariado, 2018/BT | ||
| 650 | 1 | 0 |
_aTeatro dominicano _9637 |
| 650 | 1 | 0 |
_aLiteratura dominicana. _967 |
| 700 | 1 | 2 |
_aCanos, Iris, _eed. _972488 |
| 710 | 2 |
_aFundación para la Educación y el Arte (República Dominicana) _920186 |
|
| 910 | _aValidado Control de calidad MFF | ||
| 942 |
_2ddc _cLBS1 |
||
| 999 |
_c43957 _d43957 |
||